000 01202nam a2200361 c 4500
999 _c107684
_d107684
003 BLK
005 20250729134926.0
008 180409b bul|||||r ||||||| ||bul||
010 _aKNG00112975000
020 _a954-585-533-9
040 _aBLK
041 _aBUL
_cBUL
080 _aИталианска литература
_b821.131.1
_x-312.4
_z821.131.1-312.4
100 1 _aДжена, Джузепе
_eпърви автор
_9311017
139 _aДжена, Джузепе
_bД 50
245 1 0 _aВ името на Измаил
_bРоман
_cДжузепе Джена; прев. Ваньо Попов.
257 _aITA
260 _bБард
_c2004
300 _a492 с.
_c20 см
380 _aX
490 _aКралете на трилъра
_9201353
500 _aОриг. загл. Nel nome di Ismael / Guiseppe Genna. - Офс. изд.
653 _aтрилъри
653 _aромани
700 1 _aПопов, Ваньо
_eпрев.
_9375447
852 _aЦб 219456
856 4 _qpdf
856 4 _qpdf
942 _cKNG
_n0
_014
_s1
944 _aCR
_c11.05.2004
_lЦветомила Тодорова
_k30576
944 _aED
_c11.12.2013
_lф /
999 _d107684